Sanat - Minna - Arttu Wiskari - Statistics

Yleistilastot
  • Tätä visaa on pelattu 55 kertaa
  • Keskiarvotulos 106 / 203
Vastaustilastot
Vastaus % Oikein
Minna
100%
on
89%
ja
82%
oli
82%
ostin
82%
82%
silikonirinnat
82%
sulle
82%
79%
79%
mitä
79%
hinnat
75%
kaksinkertaistuneet
75%
Tallinnassa
75%
näillä
71%
ne
71%
Hei
68%
hei
68%
multa
68%
vaikka
68%
pinnat
64%
teet
64%
keittiöstä
61%
ei
57%
en
57%
kalliit
57%
meidän
57%
olin
54%
saa
54%
hankin
50%
konttorille
50%
laiskanlinnat
50%
ole
50%
olkkariin
50%
pankin
50%
sain
50%
Tallinnassa
50%
voi
50%
aina
46%
ennen
46%
henkivakuutusta
46%
ikävöin
46%
kaikki
46%
kyyneliin
46%
laiskanlinnat
46%
Nyt
46%
onnen
46%
piripintaan
46%
puhelusta
46%
rankin
46%
sen
46%
sua
46%
sut
46%
tää
46%
tankin
46%
täyttää
46%
tilipäivää
46%
uusittua
46%
äsken
43%
iltaisin
43%
implanteista
43%
kysyy
43%
kyydin
43%
laina
43%
maksettu
43%
rivarista
43%
saanut
43%
siks
43%
tilattuu
43%
valokuva
43%
viikko
43%
yllättynyt
43%
albumeista
39%
hiertää
39%
nää
39%
yksin
39%
ettet
36%
Jutteluseuraa
36%
lenkkarit
36%
löytyi
36%
luulin
36%
pärjää
36%
pesäke
36%
rutiiniseulassa
36%
täällä
36%
vaan
36%
hirvi
32%
joka
32%
kaatuivat
32%
käytävät
32%
keulassa
32%
Päällemme
32%
sais
32%
yhdessä
32%
HYKSin
29%
liitu
29%
millä
29%
piirtää
29%
ikkunaostoksilla
25%
kiertää
25%
menty
25%
oispa
25%
tapana
25%
Vuittonilla
25%
ehjä
21%
Louis
21%
siirtää
21%
Espalla
18%
ettei
18%
rahaa
18%
verran
18%
viikonloppuisin
18%
voin
18%
kerran
14%
kylpyamme
14%
Satumaassa
14%
tarvi
14%
täynnä
14%
tilinpaine
14%
Toteuttaa
14%
unelmamme
14%
vihdoin
14%
villit
14%
hyppään
11%
polskimaan
11%
eräpäivää
7%
Ehtoja vastaavia visoja ei löytynyt
Tulosjakauma
Jokaisen tuloksen saaneiden osuus
Persentiili vastausten määrän mukaan
Tuloshistoriasi
Et ole pelannut tätä visaa